Danger Zone - Kenny Loggins (Lyrics) - Statistics

General Stats
  • This quiz has been taken 9 times
  • The average score is 115 of 189
Answer Stats
Lyrics % Correct
danger
100%
I
100%
the
100%
The
100%
to
100%
zone
100%
high
71%
Highway
71%
go
57%
Gonna
57%
into
57%
into,
57%
it
57%
on
57%
right
57%
right...
57%
take
57%
you
57%
your
57%
and
43%
be
43%
got
43%
off
43%
Ride
43%
can
29%
do
29%
engine
29%
get
29%
her
29%
hotter
29%
I'll
29%
never
29%
roar
29%
She
29%
what
29%
where
29%
You'll
29%
as
14%
burn
14%
edge
14%
edges
14%
howlin'
14%
intensity
14%
jumpin'
14%
know
14%
Listen
14%
out
14%
Out
14%
Revvin'
14%
say
14%
up
14%
along
0%
Always
0%
Beggin'
0%
deck
0%
further
0%
Headin'
0%
hello
0%
line
0%
Metal
0%
overdrive
0%
overload
0%
red
0%
Shovin'
0%
Spreadin'
0%
tension
0%
tonight
0%
touch
0%
twilight
0%
under
0%
Until
0%
wings
0%
No matching quizzes found
Score Distribution
Percent of People with Each Score
Percentile by Number Answered
Your Score History
You have not taken this quiz